000 00496nam a2200181Ia 4500
001 21323
005 20260306172910.0
008 260306t2019||||xx |||||||||||||| ||spa||
041 _aESP
082 _a344.526
_bR84
100 _aRosas Castañeda, Juan Antonio
_eAUT
245 0 _aLos delitos de tráfico ilícito de drogas:
_baspectos sustantivos y política criminal
260 _c2019
300 _a893 páginas :
_c25 cm.
650 _aGEN
654 _aCDE
942 _cLIB
_dJUS
_fJUS
_2ddc
_n
999 _c21323
_d21323